| 000 | 00488nam a22001817a 4500 | ||
|---|---|---|---|
| 003 | CEME | ||
| 005 | 20210628203143.0 | ||
| 008 | 210202b xxu||||| |||| 00| 0 eng d | ||
| 020 | _a047004585X | ||
| 040 | _c. | ||
| 082 | _a956.94054 DER | ||
| 100 |
_aDershowitz, Alan _963657 |
||
| 245 | _aThe case for peace , how the arab-israeli conflict can be resolved | ||
| 260 |
_aUSA _bJOHN WILEY & SONS _c2005 |
||
| 300 | _a247P | ||
| 650 |
_aARAB ISRAEL CONFLICT _963658 |
||
| 942 |
_cBK _2ddc |
||
| 999 |
_c572407 _d572407 |
||